000 00448nam a2200181Ia 4500
001 22957
005 20260414150905.0
008 260414t2015||||xx |||||||||||||| ||spa||
041 _aESP
082 _a624.171
_bF89
100 _aFuente Tremps, Enrique de la
_eAUT
245 0 _aFundamentos de dinámica estructural
_b
260 _c2015
300 _axv, 484 páginas :
_c24 cm.
650 _a0
654 _aCIC
942 _cLIB
_dJUS
_fJUS
_2ddc
_n
999 _c22957
_d22957